000
00310nam a2200121Ia 4500
008
220204s9999 xx 000 0 und d
082
_a
581.5(035)
_b
GAT
100
_a
GATES, Frank C
245
0
_a
Field maual of plant ecology.
260
_a
New York
_b
Mcgraw Hill
_c
1949
650
_a
Plant ecology
942
_c
BK
999
_c
19384
_d
19384